| 000 | 00884nam a2200289 a 4500 | ||
|---|---|---|---|
| 001 | 397273 | ||
| 003 | ARRUPE | ||
| 005 | 20160912101726.0 | ||
| 008 | 851018s1985 enk b 001 0 eng d | ||
| 020 | _a0901241628 | ||
| 020 | _a0901241636 (pbk.) | ||
| 035 | _a(OCoLC)ocm12688438 | ||
| 035 | _a(CStRLIN)NYCG85-B99385 | ||
| 040 |
_aEYW _cEYW _dPIT _dm/c |
||
| 043 | _afb----- | ||
| 050 | _aPR9347.J59 | ||
| 100 | 1 |
_aJeyifo, Biodun, _d1946- _924621 |
|
| 245 | 1 | 4 |
_aThe truthful lie : _bessays in a sociology of African drama / _cBiodun Jeyifo. |
| 260 |
_aLondon : _bNew Beacon Books, _c1985. |
||
| 300 |
_a122 p. ; _c23 cm. |
||
| 504 | _aIncludes bibliographical references and index. | ||
| 650 | 0 |
_aTheater _zAfrica _924622 |
|
| 650 | 0 |
_aAfrican drama (English) _xHistory and criticism _924623 |
|
| 650 | 0 |
_aTheater _zAfrica _924622 |
|
| 942 |
_2lcc _cMONOGRAPH |
||
| 999 |
_c124858 _d124858 |
||